| 000 | 01071nam a22002657a 4500 | ||
|---|---|---|---|
| 999 |
_c22417 _d22417 |
||
| 003 | OSt | ||
| 005 | 20220609100012.0 | ||
| 008 | 220608b ||||| |||| 00| 0 spa d | ||
| 020 | _a9786123174545 | ||
| 040 | _cBiblioteca Municipal de Cusco | ||
| 082 |
_a305.8/S17 _bS17 |
||
| 100 |
_aSalas Carreño, Guillermo _d1973- _948099 |
||
| 245 |
_aLugares parientes : _bcomida, cohabitación y mundos andinos / _cGuillermo Salas Carreño |
||
| 250 | _aPrimera edición. | ||
| 264 | 1 |
_aLima : _bPontificia Universidad Católica del Perú, Fondo Editorial, _c2019. |
|
| 300 |
_a328 páginas. : _bilustraciones ; _c21 cm. |
||
| 504 | _aBibliografía: p. 299-328. | ||
| 650 |
_aIndígenas del Perú _xVida y costumbres sociales _948100 |
||
| 650 |
_aIndígenas del Perú _xRitos y ceremonias _948101 |
||
| 650 |
_aRelaciones interpersonales _xAspectos sociales _948102 |
||
| 650 |
_aMinas y recursos minerales _xAspectos sociales _zPerú _948103 |
||
| 650 |
_aCosmología indígena _zPerú _948104 |
||
| 710 |
_aPontificia Universidad Católica del Perú _9400 |
||
| 942 |
_2ddc _cLIBROS |
||